00387cam a22000977a 4500008004000000082001800040245014100058260005000199300000900249700003100258180718b1961 xxu||||| |||| 00| 0 eng d aP1108x42 Un3t aTeachers for Further Education: report of an advisory sub committeecby National Advisory Council on The Training and Supply of teachers aLondonbHer Majesty's Stationery Officec1961 a21p. aU.K. Ministry of Education